Online Catalogue and eLibrary

Matrimonial property and gender inquality (Record no. 2654)

MARC details
000 -LEADER
fixed length control field 00485nam a2200193Ia 4500
005 - DATE AND TIME OF LATEST TRANSACTION
control field 20240530054150.0
008 - FIXED-LENGTH DATA ELEMENTS--GENERAL INFORMATION
fixed length control field 240331s9999 xx 000 0 und d
020 ## - INTERNATIONAL STANDARD BOOK NUMBER
ISBN 9789556580709
082 ## - DDC Classification
Item Number - Author Mark NAG
Class No. 340.5
100 ## - MAIN ENTRY--PERSONAL NAME
Personal name Nagendra,Kamala
245 #0 - TITLE STATEMENT
Title Matrimonial property and gender inquality
Statement of responsibility, etc. Kamala Nagendra
250 ## - EDITION STATEMENT
Edition statement 1 st
260 ## - PUBLICATION, DISTRIBUTION, ETC.
Place of publication, distribution, etc. Sri Lanka
Name of publisher, distributor, etc. Stamford Lake (Pvt) Ltd
Date of publication, distribution, etc. 2007
300 ## - PHYSICAL DESCRIPTION
Extent (e.g. Volumes, Pages etc.) 492 p .,
650 ## - SUBJECT ADDED ENTRY--TOPICAL TERM
Topical term or geographic name entry element Gender
650 ## - SUBJECT ADDED ENTRY--TOPICAL TERM
Topical term or geographic name entry element Law
650 ## - SUBJECT ADDED ENTRY--TOPICAL TERM
Topical term or geographic name entry element women
942 ## - Koha item type (Biblio)
Koha item type Books in Stacks (Lending)
Holdings
Lost status Damaged status Collection code Home library Current library Shelving location Date acquired Full call number Accession Number Item type
    Lending WERC Library WERC Library Social Science Cupboard 03/31/2024 340.5 NAG 6519 Books in Stacks (Lending)

© WERC Library